[Event "Donetzk zt"]
[Site "Donetsk"]
[Date "1998.11.05"]
[Round "4"]
[White "Berezin, Oleg"]
[Black "Mikhaletz, Lubomir"]
[Result "1-0"]
[WhiteElo "2455"]
[BlackElo "2495"]
[Annotator "Tsesarsky,I"]
[PlyCount "80"]
[EventDate "1998.11.02"]
[EventType "swiss"]
[EventRounds "11"]
[EventCountry "UKR"]
[SourceTitle "CBM 068"]
[Source "ChessBase"]
[SourceDate "1999.02.01"]
[SourceVersion "1"]
[SourceVersionDate "1999.02.01"]
[SourceQuality "1"]

{[%mdl 24608]} 1. d4 d5 2. Nf3 c6 3. c4 e6 4. Qc2 Nf6 5. g3 Nbd7 6. Bg2 Bd6 7.
O-O O-O 8. Nbd2 c5 9. cxd5 (9. b3 b6 (9... cxd4 10. Nxd4 Bc5 11. Bb2 e5 12. Nf5
Qc7 (12... g6 13. Ne3 d4 (13... Bxe3 14. fxe3 Qb6 15. Qc3 Qe6 (15... Ng4 16.
Rf3 $14) 16. Rad1 $14) 14. Nd5 Nb6 15. Nxf6+ Qxf6 16. Ne4 Qe7 17. Nxc5 Qxc5 18.
Qd2 $14) 13. a3 Re8 14. Rac1 d4 15. b4 Bf8 16. f4 $14) 10. e4 cxd4 (10... dxe4
11. Nxe4 Nxe4 12. Qxe4 Rb8 13. Bb2 (13. Bg5 Bb7 14. Qe3 Qc7 $11) 13... Bb7 14.
Qe3 Qc7 $11) 11. Nxd4 Bb7 12. exd5 exd5 13. Bb2 $14 {1-0 Hase,M-Grunke,G/cr
GER 0 (26)}) (9. e4 cxd4 10. exd5 e5 $5 (10... exd5 11. Nxd4 Re8 $11) 11. Ng5 (
11. Ne1 $6 Re8 12. f3 $6 b5 $15 {0-1 Korpics,Z-Voloshin,L/Szombathely 1993 (50)
}) 11... Qc7 (11... Nc5 12. b4 Na6 13. a3 $14) 12. Nge4 Nxe4 13. Nxe4 Be7 $132)
(9. Rd1 Qb6 10. Nb3 (10. e3 Qc7 $6 11. cxd5 Nxd5 12. a3 cxd4 13. Qxc7 Nxc7 14.
Nc4 Bc5 15. Nxd4 $14 {1-0 Ungureanu-Radu/Val Thorens 1993 (35)}) 10... cxd4 11.
Nfxd4 Nc5 12. Nb5 Nxb3 13. axb3 Bc5 14. e3 Bd7 15. Nc3 dxc4 16. bxc4 Rfd8 $11 {
1-0 Dizdarevic,E-Zorman,V/Bled 1994 (48)}) 9... exd5 10. b3 (10. dxc5 Nxc5 11.
Nd4 (11. Nb3 Nce4 12. Be3 (12. Nfd4 Bd7 13. Qd3 Re8 14. Bd2 Ng4 15. Nf3 Qb6 16.
Nbd4 Rac8 17. b3 Nxd2 (17... Ne5 $1 18. Nxe5 Bxe5 19. Be3 (19. e3 Bxd4 20. exd4
Bb5 $19) 19... Rc3 20. Qd1 (20. Nf3 Qe6 21. Qd1 Rxe3 22. fxe3 Bxa1 23. Qxa1 $17
) 20... Bg4 21. Nc2 Rxe3 (21... Qb5 22. Nd4 Qa6 $17) 22. Nxe3 Nxf2 $1 23. Rxf2
Qxe3 24. Bxd5 Bd4 $17) 18. Qxd2 Bb4 19. Qd1 Bc3 20. Rc1 Bxd4 21. Qxd4 Rxe2 $17
{0-1 Korpics,Z-Tregubov,P/Budapest Spring 1993 (37)}) 12... Bd7 (12... Re8 13.
Bd4 Bd7 14. Rac1 a6 15. Qd1 Ba4 $11 {1/2-1/2 Gheorghiu,F-Mueller,K/Biel ,EXT
1989 (33)}) 13. Qd3 a6 14. Nfd4 Re8 $11 {1/2-1/2 Martin,P-Reinhardt/Buenos
Aires (Club A 1955 (42)}) 11... Re8 12. N2f3 Bd7 13. b3 Rc8 14. Qd1 Nce4 15.
Bb2 Qa5 16. a3 b5 17. e3 $132 {1-0 Willman-Santasiere/Hamilton 1941 (57)}) (10.
e4 dxe4 11. Nxe4 Nxe4 12. Qxe4 Re8 13. Bg5 Rxe4 14. Bxd8 Re8 15. Bg5 Nb6 16.
dxc5 Bxc5 $11 {1-0 Arbakov,V-Shemiakin,A/Simferopol Army-ch ,EXT 1989 (57)})
10... Re8 11. Re1 b6 12. Bb2 (12. e4 dxe4 13. Ng5 Bb7 14. Ndxe4 Nxe4 15. Bxe4
Bxe4 16. Rxe4 Rxe4 17. Qxe4 Nf6 18. Qb7 Be7 19. Be3 (19. dxc5 h6 20. Nf3 Bxc5
21. Bb2 Ng4 22. Rf1 $132) 19... h6 20. Nf3 $11 {1/2-1/2 Raisky Eduard-Hedman
Erik/Stockholm 1992 (30)}) 12... Bb7 $132 13. dxc5 (13. Rac1 Rc8 $132) 13...
bxc5 14. Rad1 Qc7 (14... Rb8 15. e4 d4 (15... dxe4 16. Ng5 e3 17. Rxe3 Rxe3 18.
fxe3 Bxg2 19. Nc4 $1 Qe7 20. Rxd6 Be4 21. Nxe4 Nxe4 22. Rxd7 Qxd7 23. Qxe4 Qd1+
24. Kg2 Qe2+ 25. Kh3 Qf1+ 26. Qg2 Qf5+ 27. g4 $18) 16. Nh4 Bc7 17. h3 (17. Nf5
g6 18. Nh4 $132) 17... Re6 18. a3 $132 (18. f4 g5 $1 19. Nf5 gxf4 20. g4 $15))
15. e3 Bf8 16. Rc1 (16. Nh4 Rad8 17. Rc1 Qb6 18. Red1 Qe6 $11) 16... Qb6 17.
Red1 Rad8 18. Bc3 (18. Nh4 $132) 18... a5 19. Rb1 (19. Nh4 g6 (19... Ne5 $6 20.
Bxe5 Rxe5 21. Nc4 dxc4 22. Rxd8 Qxd8 (22... cxb3 23. Rxf8+ Kxf8 24. axb3 Bxg2
25. Nxg2 $14) 23. Bxb7 cxb3 24. axb3 Qd7 25. Bg2 $14) 20. Nhf3 Bg7 $11) 19...
Ba6 20. Nf1 (20. Rbc1 $11) 20... h6 21. h3 (21. Nh4 Bb7 $11) 21... Bb7 22. N1d2
Bc6 (22... Bd6 23. Rbc1 $11) 23. Qb2 Qc7 (23... Be7 24. Nh4 $14) 24. Rbc1 Rb8 (
24... a4 25. b4 (25. bxa4 $2 Bxa4 26. Nb3 c4 27. Ba5 Nb6 28. Qd4 Rb8 29. Re1
Qa7 (29... Ba3 30. Rb1 cxb3 31. Qxa4 Qa7 32. Qxa3 Nc4 33. Qa4 bxa2 34. Qxa2
Qxa5 35. Qxa5 Nxa5 36. Nd4 Nc4 $11) 30. Bxb6 Qxb6 31. Qxb6 Rxb6 32. Nbd4 Reb8
$17) 25... Ne4 26. a3 (26. Nxe4 dxe4 27. Nd2 cxb4 28. Bxb4 Bxb4 29. Qxb4 Nf6
30. Qc5 Rc8 31. Nc4 Bd5 32. Qxc7 Rxc7 33. Nb6 Rxc1 34. Rxc1 Bxa2 35. Nxa4 $11)
26... Rc8 27. bxc5 Rb8 28. Bb4 Ndxc5 29. Nxe4 dxe4 30. Nd4 Ba8 31. Qe2 Rec8 32.
Qh5 (32. Qg4 Qe5 $11) 32... g6 33. Qg4 Qe5 $11) 25. Qc2 Ra8 (25... Bb7 26. Ne1
Bd6 27. Nd3 Rbc8 28. Bb2 Ba6 29. Nf4 Bxf4 30. exf4 Bb7 31. Nf3 $132) 26. Ba1
Qb6 27. Ne1 a4 28. Nd3 axb3 29. axb3 (29. Nxb3 c4 $17) 29... Bb7 30. Kh2 (30.
Bxf6 Qxf6 31. Nf4 Nb6 32. Nc4 dxc4 33. Bxb7 Rab8 (33... cxb3 34. Qxb3 Rab8 35.
Qb5 $11) 34. Bd5 cxb3 35. Bxb3 $11) 30... Rac8 31. Bc3 Qa7 (31... Bd6 $132) (
31... d4 $2 32. Nc4 $16) 32. Qb2 Qb8 (32... Qb6 $11) 33. b4 d4 $2 $16 (33... c4
34. Nf4 Bd6 $44) (33... cxb4 34. Bxb4 Ba8 35. Bxf8 Qxb2 36. Nxb2 Nxf8 37. Rxc8
Rxc8 38. Nd3 $14) 34. exd4 Bxg2 (34... cxb4 35. Bxb4 Rxc1 36. Rxc1 Bxg2 37.
Kxg2 (37. Bxf8 Qxb2 38. Nxb2 Bb7 39. Bb4 $14) 37... Qb5 38. Qb3 Bxb4 39. Nxb4
Rb8 40. Rb1 $16) 35. Kxg2 c4 36. Ne5 $2 $11 (36. Nc5 $1 Qa8+ 37. Nf3 Qd5 38.
Ra1 $16) 36... Nb6 $2 (36... Nxe5 $1 37. dxe5 Nd5 38. Rb1 (38. Bd4 Qb5 39. Ne4
Bxb4 $15) 38... Nxc3 39. Qxc3 Rxe5 40. Nxc4 Re4 41. Rd4 Rxd4 42. Qxd4 Qa8+ 43.
Kh2 (43. Kg1 Qa2 44. Nd2 Rc2 45. Rd1 Qe6 46. b5 Qe2 47. Nb3 (47. Nf1 Bc5 48.
Qd8+ Kh7 49. Qd3+ Qxd3 50. Rxd3 Rxf2 $19) 47... Qxb5 48. Qd3 $11) 43... Qa2 44.
Nd2 Rc2 45. Rd1 Rb2 46. b5 Rxb5 47. Ne4 $11) 37. b5 $4 $17 (37. Qc2 Qb7+ 38.
Kg1 Nfd5 39. b5 Bd6 40. Ne4 $16) 37... Na4 $2 $132 (37... Qa8+ 38. Kh2 Ba3 $17)
38. Qb1 (38. Qa2 Qxb5 39. Ba1 (39. Ndxc4 Rxe5 40. dxe5 Rxc4 41. Bd2 (41. exf6
Nxc3 42. Qc2 Qc6+ $19) 41... Rxc1 42. Rxc1 Qxe5 43. Bxh6 (43. Qxa4 Qd5+ 44. Kg1
Qxd2 $19) 43... Nc3 (43... gxh6 44. Qxa4 $11) 44. Qc4 Nfd5 45. Bd2 $44) 39...
Nb6 40. Ndxc4 Qd5+ 41. Kh2 (41. f3 Nh5 42. Rc2 Nxc4 43. Nxc4 (43. Rxc4 Rxe5 $19
) 43... Qg5 44. g4 Nf4+ 45. Kg3 Nd5 $19) 41... Nxc4 42. Nxc4 Ne4 $44) 38... Nd5
39. Ba1 c3 $2 $16 (39... Qb7 $1 40. Ndf3 Nab6 (40... Ba3 41. Rxc4 Rxc4 42. Nxc4
Nac3 43. Bxc3 Nxc3 44. Qb3 Nxd1 45. Nxa3 Qe7 46. Ne5 Ra8 (46... Rd8 47. Qf3 Rd6
48. Nac4 Rxd4 49. b6 $1 $18) 47. Nac4 Ra1 48. b6 Qb7+ 49. Nf3 $18) 41. Qf5 Bd6
$44) 40. Ndc4 $4 $17 (40. Qb3 Qa8 (40... cxd2 41. Rxc8 Qxc8 42. Qxd5 Qa8 43.
Qxa8 Rxa8 44. Rxd2 $18) 41. Ndf3 Nab6 42. Nc6 $16) 40... f6 $1 {[%csl Rc4,Re5]}
(40... f6 41. Nc6 (41. Qb3 fxe5 42. Qxa4 exd4 (42... Qb7 43. Kg1 exd4 44. Rxd4
Bc5 45. Rdd1 (45. Rd3 Qf7 46. Ne3 Nxe3 47. Rdxc3 Rf8 48. Qb3 Nd5 $1 $19) (45.
Na5 Qf7 $17) 45... Re2 $17) 43. Rxd4 Qb7 44. Kg1 Bc5 $17) (41. Ne3 Nxe3+ 42.
fxe3 fxe5 43. Qb3+ Kh8 44. Qxa4 exd4 45. Qxd4 c2 46. Rf1 (46. Re1 Qb7+ 47. e4
Ba3 48. Bb2 Red8 $19) 46... Qb7+ 47. Kh2 Ba3 $17) 41... Rxc6 42. bxc6 Qxb1 43.
Rxb1 c2 $19) 1-0

[Event "FIDE Chess.com Grand Swiss"]
[Site "Douglas"]
[Date "2019.10.19"]
[Round "9"]
[White "Vidit, Santosh Gujrathi"]
[Black "Tari, Aryan"]
[Result "1-0"]
[WhiteElo "2718"]
[BlackElo "2630"]
[Annotator "Vidit,S"]
[PlyCount "79"]
[EventDate "2019.10.10"]
[EventType "swiss"]
[EventRounds "11"]
[EventCountry "IOM"]
[SourceTitle "CBM 193"]
[Source "ChessBase"]
[SourceDate "2019.12.31"]
[SourceVersion "1"]
[SourceVersionDate "2019.12.31"]
[SourceQuality "1"]

1. Nf3 Nf6 2. c4 c5 3. d4 cxd4 4. Nxd4 e6 5. g3 d5 6. Bg2 e5 7. Nf3 d4 8. O-O
Nc6 9. e3 Be7 10. exd4 exd4 11. Bf4 O-O 12. Ne5 Qb6 13. Re1 Be6 14. Nd2 Rfd8 {
A novelty. During the game, I recalled having seeing this somewhere in my
notes. Apparently, I had mixed 14...Rad8 with 14...Rfd8.} ({Please go through
this line after checking the note on White's 19th move!} 14... Rad8 15. Qb3 Qa6
16. Nxf7 Kxf7 17. Rxe6 Kxe6 18. c5+ Kd7 19. Bf1 $1 {The only move.} (19. Re1
Kc8 {and Black escapes.}) 19... d3 20. Bxd3 Nd4 21. Bxa6 Nxb3 22. Bb5+ Kc8 23.
Nxb3 $14) (14... Rac8 {is by far the most common move.}) 15. Qb3 Qa6 $2 {
The decisive mistake already! This line requires very precise play from Black
and one mistake is enough to lose the game.} (15... Na5 $142 16. Qxb6 axb6 17.
Nd3 Re8 18. a3 $14) 16. Nxf7 $1 {I played this after some thought.} (16. Ndf3 {
also looked good to me during the game. But 16.Nxf7 is hard to resist!}) 16...
Kxf7 (16... Bxf7 17. Bxc6 $1 Qxc6 18. Rxe7 $16) 17. Rxe6 $1 Kxe6 18. c5+ Kd7 (
18... Kf5 19. Qf7 {And it will be mate in few moves as Bh3 is hard to avoid.})
19. Bf1 $2 {White is still winning, but it's a pity to exchange queens. My
intuition was screaming at me to play Re1 and continue the attack, but I
remembered seeing this idea with Bf1 in my notes. Apparently Bf1 is the only
move if Black had played ...Rad8 instead of ...Rfd8 on move 14!} (19. Re1 {
Had I not known that Bf1 is the move in my notes, I would have definitely
played Re1 as the attack looks irresistable.} Ke8 20. Ne4 $1 {I saw this
resource during the game, although I missed some details.} Nxe4 (20... Na5 {
leads to a beautiful variation.} 21. Nxf6+ Qxf6 22. Qg8+ Qf8 23. Rxe7+ $3 Kxe7
24. Bg5+ Kd7 25. Qd5+ Kc7 26. Qe5+ $1 Kc8 27. Bh3+ Rd7 28. Qe6 $18 {After a
forced series of checks, Black can't defend the rook on d7! What a domination
of the bishops!}) 21. Qg8+ {In my calculations I was automatically calculating
only the 'forced moves'} (21. Bxe4 $1 {is much simpler} Kf8 {stopping Qg8
ideas.} 22. Bxh7 $1 $18 {A very unique idea, where white plays two non forcing
moves after giving a rook. Black is helpless!}) 21... Bf8 22. Rxe4+ $6 Ne7 {
I couldn't see a way to continue White's attack. Apparently even this is good
for White, if he foresees how to keep the momentum.} 23. Bg5 $1 Rd7 24. c6 $3 {
cutting off the Queen.} bxc6 25. Bh3 $18) 19... d3 $1 20. Bxd3 Nd4 21. Bxa6
Nxb3 22. Bb5+ Kc8 (22... Ke6 23. Nxb3 Kf7 24. Na5 $18) 23. Nxb3 Nd5 24. Re1 $1
{I had seen this far. White's bishops completely tie up Black's pieces.} a5 $1
{Black has to activate the rook, somehow.} (24... Nxf4 25. Rxe7 Rd1+ 26. Bf1
Nh5 27. Re8+ Rd8 28. Bh3+ Kc7 29. Re7+ $18) 25. Be5 $1 (25. a4 {looks most
logical, but compared to the note on 24th move, Black has additional options
after the inclusion of a5-a4} Nxf4 26. Rxe7 Rd1+ 27. Bf1 Ra6 $1 $132 {and the
knight on f4 is taboo because of ...Rg6+.}) 25... Bf6 26. Bd6 {All I need is
to get the bishop from b5 to h3, and White should be winning.} a4 (26... Bxb2
27. Bf1 $18) 27. Nd2 a3 28. bxa3 (28. Bf1 {unnecessarily complicates things:}
axb2 29. Bh3+ Rd7 30. Re8+ Bd8 31. Rg8 g5 $1 32. Rg7 Nf6 $132) 28... Rxa3 29.
Bf1 {I was down to around 5-6 minutes at this point.} b5 $4 {The idea is to
create space for the king. However, it loses on the spot.} (29... Kd7 {was the
most tenacious, although White is still winning.} 30. Ne4 $1 (30. Bh3+ Kc6 31.
Bg2 Rd3 $132) 30... Kc6 31. Nxf6 gxf6 32. Rb1 $18) 30. cxb6 $4 {Inexplicable!
As soon I played cxb6?? I saw the winning idea. After this blunder, I almost
threw away all my advantage.} (30. Bh3+ Kb7 31. Bg2 {During the game, the idea
of Bh3 and the Bg2, pinning the knight on d5 was quite common (as you can see
in the various variations). Hence, I completely overlooked the simple tactic
with c6.} (31. c6+ $1 $18 {wins the rook on a3}) 31... Rd3 $1 {Here it felt
that Black can survive.} 32. Nb3 {White is still winning, but this line is
irrelevant.}) 30... Rxa2 (30... Rxd6 31. Nc4 {is the point.}) 31. Nc4 Bd4 32.
Rb1 $1 {The only way to keep the advantage.} Rxd6 $2 {This allows White to
keep the f2 pawn.} (32... Bxf2+ 33. Kh1 Rxd6 34. Nxd6+ Kb8 {Compared to the
game, this is of course much better.} 35. Bc4 Ra5 $1 36. b7 Ba7 $1 $16 {
Probably Black can survive.}) 33. Nxd6+ Kb8 34. Ne4 $1 Nxb6 35. Rd1 Ra4 36. Ng5
h6 37. Ne6 Bf6 38. Rb1 Ka7 39. Rc1 Re4 $2 {A blunder in time pressure.} (39...
Kb8 $1 {indirectly protecting g7. With the king cut off from the kingside
pawns, I feel White still has good winning chances. However, it would require
a lot of effort to convert.}) 40. Nxg7 $18 {With two extra pawns, White is
easily winning.} (40. Nxg7 Bxg7 41. Rc7+ Kb8 42. Rxg7 $18) 1-0

[Event "Wenzhou m"]
[Site "Wenzhou"]
[Date "2015.07.18"]
[Round "3"]
[White "Gelfand, Boris"]
[Black "Ding, Liren"]
[Result "0-1"]
[WhiteElo "2751"]
[BlackElo "2749"]
[Annotator "Wagner,D"]
[PlyCount "150"]
[EventDate "2015.07.16"]
[EventType "match"]
[EventRounds "4"]
[EventCountry "CHN"]
[SourceTitle "CBM 168"]
[Source "ChessBase"]
[SourceDate "2015.09.14"]
[SourceVersion "1"]
[SourceVersionDate "2015.09.14"]
[SourceQuality "1"]

{The first decisive game of the match between Boris Gelfand and Ding Liren
turned out to be very interesting:} 1. d4 d5 $5 {After a King's Indian in
round one Ding shows his universality and goes for something more solid.} 2. c4
e6 3. Nf3 Nf6 4. g3 {The Catalan, which is nowadays seen as freqently as 4.Nc3.
} Bb4+ 5. Bd2 Bd6 {This bishop retreat has recently become popular, as it
leads to more interesting and rather new positions compared to its alternative.
} (5... Be7 {is quite reliable.}) 6. Nc3 $1 {The most aggressive move order!} (
6. Bg2 c6 7. O-O {is too slow. After} Nbd7 $1 8. Nc3 {can be met by} (8. b3 Ne4
$1 {and Black manages to get his desired Stonewall-setup.}) 8... dxc4 $1) 6...
O-O (6... Nc6 $5 {has been played a few times and is an alternative.}) 7. Bg5
$1 {The key idea. White immediately puts pressure on the black centre. If
forced to, he gives up his dark-squared bishop for the knight, but retains
solid control over the centre, because it's not so easy for Black to activate
his passive pieces.} (7. Bg2 {might be met by} dxc4 $5 8. e4 Be7 $11) 7... c6
8. Bg2 h6 9. Bxf6 Qxf6 10. O-O Bc7 (10... Qd8 $5 {was played a few days before
this encounter and is playable as well.} 11. e4 dxc4 12. Nd2 e5 13. Nxc4 exd4
14. Qxd4 Bc7 $11 {0-1 (49) Gledura,B (2500)-Bluebaum,M (2589) Karpacz 2015.
Black equalised comfortably and even went on to win an opposite-coloured
bishop ending later on.}) 11. e3 $1 {In my opininon this is the right approach
to handle the position. White should first slowly improve his pieces and might
later push e4 anyway. But he has to be well prepared for this, because the
black bishop pair should not be underestimated.} (11. e4 dxc4 $1) 11... Nd7 12.
Qe2 Qe7 {Black manoeuvres in less space, relying on the long-term advantage of
the two bishops.} 13. Rfd1 (13. Rac1 $1 {It's an interesting idea to start
with this move in order to stay with the other rook on f1 a little longer.} Nf6
14. Ne5 $14 {[%cal Gf2f4] Now this move makes more sense than in the game,
because the rook is already ideally placed on f1.}) 13... Nf6 {If White
continues to do nothing then Black will also consolidate and have no problems
at all.} 14. e4 (14. Rac1 b6 15. Ne5 Bb7 16. f4 Rad8 17. Bf3 Rfe8 $11 {At the
right moment Black will push c5 and have good prospects with his two bishops.})
14... dxc4 (14... dxe4 15. Nxe4 Nxe4 16. Qxe4 Bd7 17. c5 $14 {is very pleasant
for White.}) 15. e5 {It's difficult to cope without this move in the long run.
But as compensation for his lacking space, Black gets a nice outpost on d5.} ({
After} 15. Qxc4 Rd8 $1 (15... e5 16. Nxe5 Bxe5 17. dxe5 Qxe5 18. Qd4 $14) 16.
Rac1 {it would have been possible to delay e5 a bit longer. It´s not so easy
to spot the relieving operation} (16. e5 Nd5 {tr}) 16... e5 $1 17. Nxe5 Be6 $1
18. Qe2 Bxe5 19. dxe5 Ng4 20. Bh3 Rxd1+ 21. Nxd1 (21. Rxd1 $2 Nxf2 $1) 21...
Nxe5 22. Bxe6 Qxe6 23. f4 Nd7 24. Nc3 Re8 {White retains very slight pressure,
but Black should be fine.}) 15... Nd5 16. Qxc4 Rd8 17. Ne4 {This complex
position is extremely difficult to evaluate. White has a lead in development,
more space and seems to enjoy a slight edge, but Black on the other hand has
the two bishops, an outpost on d5 and easy play, as he just needs to
consolidate his queenside slowly but surely. But for White it's really
difficult to find some targets to attack.} a5 $1 {A strong prophylactic move.}
(17... Bd7 {at once would allow} 18. Nc5 b6 19. Na6 $1 $14) 18. Rac1 Bd7 19. a3
Be8 20. Ne1 $6 (20. Nfd2 $1 {I actually prefer this knight manoeuvre, because
the knight on c4 is more active and has the possiblity of going to d6 at some
point.} b6 21. Qe2 Rac8 22. Nc4 $14) 20... b6 21. Nd3 Rac8 {The knight on d3
is doing no more than cutting off the queen's retreat to its best square e2...}
22. Qc2 Qf8 23. Qe2 Ne7 24. Ne1 Nf5 25. Nf3 Qe7 26. Rc3 Qf8 {Ding Liren just
waits, since it's unclear what he can do. Sometimes it´s the best idea to let
the opponent show his hand.} 27. h4 Ne7 28. Rcc1 Bb8 29. Qa6 Nd5 30. Nc3 $6 {
It´s unlcear if this knight exchange is a good idea. After all the knight on
e4 was important for preventing any c5 breaks. And after its exchange White
remains with the knight on f3 and the g2-bishop, two pieces that seem quite
passive. Furthermore in general the side with more space should try to prevent
exchanges of minor pieces.} (30. Qe2 $5) (30. Qc4 $5) 30... Nxc3 31. Rxc3 Bc7
$1 {The only gain of the knight exchange was the weakening of the b6-pawn, but
the bishop is a good defender as well.} 32. Rdc1 Rb8 33. Qe2 (33. Qd3 $1 b5 34.
Bf1 $1 {would have kept the situation more controlled.} b4 35. Rc4 $1 {Now
White has no need to take on b4.} bxa3 36. bxa3) 33... b5 $1 {Another drawback
of the knight exchange becomes evident. The weakening of the c5-square can't
be exploited effectively anymore.} 34. Rd3 (34. Bf1 b4 $1) 34... Bb6 $1 {
Black is taking over the initiative, while White has lost the coordination of
his forces.} 35. Rcd1 $6 (35. Rdc3 $142 {It makes some sense to leave the
d4-pawn to its fate and concentrate the forces on the weak c6-pawn, in order
to be more active.} Rd5 (35... Bxd4 36. Nxd4 Rxd4 37. Bxc6 $11) 36. R3c2 Rbd8
37. Qe3 Qe7 $15) 35... Qe7 {[%cal Gc6c5]} ({So far Ding has handled the
counterattack very precisely and energetically. But here it would have been
appropriate to open the position at once.} 35... c5 $1 36. dxc5 Rxd3 37. Rxd3
Qxc5 $17) 36. g4 $1 {A good try to get some counterplay and change the course
of events.} c5 $1 37. g5 c4 38. R3d2 $6 {The wrong rook move.} ({After} 38. Re3
$1 {White has really good play on the kingside.} h5 (38... hxg5 39. Nxg5 Rxd4
40. Rxd4 Bxd4 41. Qh5 Qc5 42. Rf3 Qxe5 43. Rxf7 Bxf7 44. Qxf7+ Kh8 45. Qh5+ $11
) 39. g6 $1 fxg6 (39... f6 $2 40. exf6 Qxf6 41. Rxe6 $18) 40. Qc2 $1 {White is
not worse here.} Rbc8 (40... Rd5 41. Bh3 Rbd8 42. Re4 Bd7 43. Ng5 Rf8 44. Qc1
$132 {[%cal Ge4f4]}) 41. Bh3 Rc6 (41... b4 42. axb4 axb4 43. Ng5 Rc6 44. Re4 c3
45. bxc3 bxc3 46. Rf4 Ba5 47. Rb1 $18) 42. Re4 $1 $132 (42. Ng5 $2 Bxd4 $1))
38... h5 39. g6 f6 $1 {This would not have been possible after 38.Re3!} 40. Ng5
$2 (40. Qe4 $1 {would have been the last chance to stay in the game.} b4 41.
Rc1 bxa3 (41... c3 42. bxc3 bxa3 43. Ra2 $132) 42. bxa3 Qxa3 43. Rxc4 Qe7 $15)
40... Bxg6 41. Be4 Bxe4 42. Nxe4 (42. exf6 gxf6 43. Nxe4 Rd5 $1 $17) 42... fxe5
43. Qxh5 Bxd4 44. Ng5 Qf6 $1 $19 {The key move of the defence. Black has won
and Ding cashes in with flawless technique.} 45. Qh7+ Kf8 46. Qe4 Ke7 47. Qc6
Qf5 48. Re1 Rdc8 49. Qg2 Rd8 (49... c3 $5 50. Rxd4 (50. bxc3 Bxc3) 50... c2 $1
$19) 50. Qc6 Rb6 51. Qg2 g6 52. Nf3 b4 53. axb4 axb4 54. Rde2 c3 55. bxc3 Bxc3
56. Nxe5 Bxe1 57. Rxe1 b3 58. Nc6+ Rxc6 59. Qxc6 Rd2 60. Qc7+ Kf8 61. Qc8+ Kf7
62. Qc7+ Kg8 63. Qb8+ Kg7 64. Qg3 Rc2 65. Qe3 b2 66. Qa7+ Kh6 67. Qe3+ Kh5 68.
Kg2 e5 69. Qa7 Kh6 70. Qe3+ Qf4 71. Qxf4+ exf4 72. Rb1 Kh5 73. Kf3 Kxh4 74.
Rh1+ Kg5 75. Rb1 Rd2 {A superb manoeuvring battle, which the Chinese player
deservedly decided in his favour after some small inaccuracies by a great
strategic player like Gelfand.} 0-1